[Event "Niedersachsen-chT U14"]
[Site "Verden"]
[Date "2006.05.25"]
[Round "1.3"]
[White "Bounine, Daniel"]
[Black "Fischer, Marvin"]
[Result "1-0"]
[WhiteElo "1089"]
[BlackElo "1075"]
[PlyCount "53"]
[EventDate "2006.05.25"]
[EventType "team-tourn"]
[EventRounds "7"]
[EventCountry "GER"]
[SourceTitle "EXT 2007"]
[Source "ChessBase"]
[SourceDate "2006.11.23"]
[SourceVersion "1"]
[SourceVersionDate "2006.11.23"]
[SourceQuality "1"]

1. e4 e5 2. Nf3 Nc6 3. Bc4 Bc5 4. c3 Nf6 5. d4 exd4 6. cxd4 Bb4+ 7. Bd2 Bxd2+ 8. Nbxd2 d6 9. 0-0 Bg4 10. Qb3 Bxf3 11. Nxf3 b6 12. Bxf7+ Kf8 13. Bd5 Nxd5 14. Qxd5 Nb4 15. Qb5 c5 16. dxc5 bxc5 17. a3 Rb8 18. Qa4 Nd3 19. b4 cxb4 20. axb4 Rxb4 21. Qc6 Qb6 22. Qc8+ Kf7 23. Qxh8 Rb2 24. Rxa7+ Ke6 25. Qe8+ Kf6 26. Rf7+ Kg6 27. Rb7+ 1-0